• 首页
  • 本馆介绍
  • 公告通知
  • 最新文献
  • 馆藏检索
  • 电子资源
  • 读者导购
  • 参考咨询
  • 我的图书馆
  • 登录
  • 详细信息显示
  • 放入我的书架
  • 预约/预借图书
  • 作者相关作品
  • 分类相关作品
  • 丛书相关作品
  • 出版社相关作品

书目信息

  • 表格格式
  • 工作单格式
  • 卡片格式
书名: Management information and decision support systems in libraries
作者: Peter Brophy.
分册号:
分册名:
出版地: Aldershot, Hants, England ;
 
出版社: Gower
出版时间: c1986.
页数: ix, 158 p. ;
开本: 23 cm.
丛书名:
中图分类号:
科图分类号:
其他分类号: G251
主题词:
电子资源:
000 01060nam 2200301 a 4504
001 E0760842577
005 20070226165805.81
008 040422s1986 enk b 00110 eng
010    @a8530202
020    @a0566035510 :@c$30.00 (U.S. : est.).
040    @aDLC@cDLC@dWSU
050 00 @aZ678@b.B82 1986
082 0  @a025.1/0285 @2 19
090    @aI266.9/W100
090    @aG251
099    @dG251@ex20
100 1  @aBrophy, Peter,@d1950-
245 10 @aManagement information and decision support systems in libraries / @cPeter Brophy.
260 0  @aAldershot, Hants, England ;@aBrookfield, Vt., USA :@bGower,@cc1986.
300    @aix, 158 p. ;@c23 cm.
500    @aIncludes index.
504    @aBibliography: p. 139-154.
650  0 @aLibrary administration@xData processing.
650  0 @aLibrary administration@xDecision making@xData processing.
650  0 @aManagement information systems.
650  0 @aLibraries@xAutomation.
650  0 @aCommunication in library administration@xData processing.
920    @a232010@z2
    
    Management information and decision support systems in libraries / / Peter Brophy.-Aldershot, Hants, England ; ; Brookfield, Vt., USA : : Gower, , c1986.
    ix, 158 p. ; ; 23 cm.
    Includes index.-Bibliography: p. 139-154.
    
    ISBN 0566035510 :$30.00 (U.S. : est.).
    
●
相关链接 在E读中查询图书 在五车中查询图书 在当当中查询图书 在豆瓣中查询图书


正题名:Management information and decision support systems in libraries     索取号:G251/x20         预约/预借

序号 登录号 条形码 馆藏地/架位号 状态 备注
1 183952   001171289   第二样本阅览室/ [索取号:G251/x20] 在馆    
2 183953   001171270   第四借阅区/ [索取号:G251/x20] 在馆    
唐山师范学院图书馆 欢迎您!
大连网信软件有限公司© 版权所有